000 00554nam a2200157 a 4500
008 120416s1968 ||||||||||||||||| || u
050 _aQC 174.12 Pet
100 _aPetersen, Aage, 1927-
245 1 0 _aQuantum physics and the philosophical tradition
260 _aCambridge, Ma.
_bMIT Press
_c1968
300 _aix, 200p.
350 _a0.00
650 0 _aPHYSICS
650 _aQUANTUM PHYSICS
995 _D0.00
_FCBU-MAIN LIBRARY (Kitwe)
_H1
_I4.65
_M1
_UAVAILABLE
_ZAnnex Low-Usage Collection
999 _c55481
_d55481